Premier League Oldest Goalscorers Quiz Stats

 Plays Quiz Updated May 31, 2019

Score 0/25 Timer 05:00
3 Plays Today
Age Player % Correct
40Teddy Sheringham
85%
37Paul Scholes
61.1%
37Peter Crouch
53.3%
39Ryan Giggs
49.9%
36Frank Lampard
42.7%
37Didier Drogba
34.8%
36Dennis Bergkamp
33.8%
36Gareth Barry
28.2%
37Kevin Phillips
22.1%
37Peter Schmeichel
21.3%
38Stuart Pearce
21.2%
38Graham Alexander
20.2%
38Mark Hughes
19.4%
Age Player % Correct
37Les Ferdinand
19.2%
39Dean Windass
17.7%
37Gary Speed
14.1%
38Mick Harford
12.3%
38Kerimoglu Tugay
12%
37Gareth McAuley
9.2%
37Kevin Moran
6.9%
36Nigel Winterburn
6.3%
37Richard Gough
6.1%
37John Wark
5.6%
36Ray Wilkins
3%
36John Dreyer
0.9%

You're not logged in!

Compare scores with friends on all Sporcle quizzes.
OR
Log In

Sporcle TV

Today on Sporcle TV


Watch our educational content, quiz creation guides, and fun videos on Sporcle TV.

Show Comments

Extras

Top Quizzes Today


Score Distribution

Your Account Isn't Verified!

In order to create a playlist on Sporcle, you need to verify the email address you used during registration. Go to your Sporcle Settings to finish the process.

Report this User

Report this user for behavior that violates our Community Guidelines.

Details: